Red or Blue? - 30 Seconds Rush - Statistics

General Stats
  • This quiz has been taken 46 times
    18 since last reset
  • The average score is 14 of 24
Answer Stats
Hint Answer % Correct
Clouds Neither
79%
Blueberries Blue
71%
3D Glasses Both
71%
Paint Both
71%
Roses Red
71%
Apples Red
71%
Neptune Blue
64%
Purple Both
64%
Lemons Neither
64%
Glass Neither
64%
Human blood Red
64%
Santa hat Red
64%
Coca-Cola can Red
64%
Sapphires Blue
57%
Sky Blue
57%
Skype logo Blue
57%
Pepsi logo Both
57%
Skin color Neither
57%
Basketball ball Neither
57%
Linkedin logo Blue
50%
Clothes Both
50%
Mars Red
50%
Octopus blood Blue
36%
Giraffe's tongue Blue
29%
No matching quizzes found
Score Distribution
Percent of People with Each Score
Percentile by Number Answered
Your Score History
You have not taken this quiz since the last reset